Statistics for Most Spoken Languages in Ohio

Click here to take the quiz!

General Stats

  • This quiz has been taken 73 times
  • The average score is 13 of 17

Answer Stats

# SpeakersLanguage% Correct
233,819Spanish
100%
27,035French
97%
80,622German
97%
27,670Chinese
90%
19,538Italian
87%
15,672Russian
87%
8,970Japanese
84%
10,835Vietnamese
81%
27,593Arabic
79%
11,105Polish
79%
14,371Hindi
77%
9,611Dutch
69%
10,264Korean
68%
12,487Greek
60%
10,669Tagalog
56%
9,010Ukrainian
53%
8,734Hungarian
37%

Score Distribution

Percentile by Number Answered

Percent of People with Each Score

Your Score History

You have not taken this quiz